Complete the Movie Title (2004) - Statistics

General Stats
  • This quiz has been taken 401 times
  • The average score is 19 of 25
Answer Stats
Hint Answer % Correct
Mean _____ Girls
97%
The Polar _____ Express
95%
50 First _____ Dates
92%
Harry Potter and the _____ of Azkaban Prisoner
92%
The _____ Effect Butterfly
91%
National _____ Treasure
91%
The Lord of the Rings: The Return of the _____ King
88%
The Bourne _____ Supremacy
87%
_____ Tale Shark
86%
The _____ of the Christ Passion
84%
Mona Lisa _____ Smile
83%
Eternal Sunshine of the Spotless _____ Mind
80%
Little Black _____ Book
77%
The Princess Diaries 2: Royal _____ Engagement
77%
Friday Night _____ Lights
76%
The Stepford _____ Wives
74%
The Manchurian _____ Candidate
71%
After the _____ Sunset
71%
_____ on Fire Man
70%
The _____ and Me Prince
68%
_____ State Garden
61%
Team America: World _____ Police
61%
Yu-Gi-Oh!: The Movie - Pyramid of _____ Light
59%
Without a _____ Paddle
55%
Secret _____ Window
35%
No matching quizzes found
Score Distribution
Percent of People with Each Score
Percentile by Number Answered
Your Score History
You have not taken this quiz